| 000 | 00936cam a2200265 4500 | ||
|---|---|---|---|
| 001 | ABS67704 | ||
| 008 | 040408n2004 000 0 eng u | ||
| 035 | _a(Sirsi) u125810 | ||
| 100 | _aJansen, M. | ||
| 245 | _aOccupiers stay on top | ||
| 260 | _c2004 | ||
| 490 |
_aProperty Week _v69(10) 5 March 2004, 60-61(2) |
||
| 520 | _aThe latest Total office costs survey produced by Actium Consult and Cass Business School, reveals that occupiers still have the advantage, as rent-free periods lengthen. The research examines the total cost of occupation for office tenants across the UK, including rates and facilities management. Table. | ||
| 590 | _aABS | ||
| 590 | _aABS | ||
| 650 | _aOCCUPIERS | ||
| 650 | _aSURVEYS | ||
| 650 | _aOFFICE COSTS | ||
| 650 | _aVACANT OFFICES | ||
| 650 | _aRENT FREE PERIODS | ||
| 650 | _aLANDLORDS | ||
| 650 | _aCOMMERCIAL TENANTS | ||
| 690 |
_aCOMMERCIAL PROPERTY _96227 |
||
| 942 | _n0 | ||
| 999 |
_c117194 _d117194 |
||